<?xml version="1.0" encoding="UTF-8"?>
<record
    xmlns:xsi="http://www.w3.org/2001/XMLSchema-instance"
    xsi:schemaLocation="http://www.loc.gov/MARC21/slim http://www.loc.gov/standards/marcxml/schema/MARC21slim.xsd"
    xmlns="http://www.loc.gov/MARC21/slim">

  <leader>00651nam a22001577a 4500</leader>
  <controlfield tag="003">OSt</controlfield>
  <controlfield tag="005">20150922142454.0</controlfield>
  <controlfield tag="008">150922b        xxu||||| |||| 00| 0 eng d</controlfield>
  <datafield tag="040" ind1=" " ind2=" ">
    <subfield code="c">RUA</subfield>
  </datafield>
  <datafield tag="082" ind1=" " ind2=" ">
    <subfield code="a">AGR NAN 2007 B034 Or.1</subfield>
  </datafield>
  <datafield tag="100" ind1=" " ind2=" ">
    <subfield code="9">1114</subfield>
    <subfield code="a">NAN, SENGDINA.</subfield>
  </datafield>
  <datafield tag="245" ind1=" " ind2=" ">
    <subfield code="a">Cashew-nut of small householders in prasat sambor district, kampong thom province &#x1795;&#x179B;&#x17B7;&#x178F;&#x1780;&#x1798;&#x17D2;&#x1798;&#x178A;&#x17C6;&#x178E;&#x17B6;&#x17C6;&#x179F;&#x17D2;&#x179C;&#x17B6;&#x1799;&#x1785;&#x1793;&#x17D2;&#x1791;&#x17B8;&#x1787;&#x17B6;&#x179B;&#x1780;&#x17D2;&#x1781;&#x178E;&#x17C8;&#x1782;&#x17D2;&#x179A;&#x17BD;&#x179F;&#x17B6;&#x179A;&#x1793;&#x17C5;&#x179F;&#x17D2;&#x179A;&#x17BB;&#x1780;&#x1794;&#x17D2;&#x179A;&#x17B6;&#x179F;&#x17B6;&#x1791;&#x179F;&#x17C6;&#x1794;&#x17BC;&#x179A; &#x1781;&#x17C1;&#x178F;&#x17D2;&#x178F;&#x1780;&#x17C6;&#x1796;&#x1784;&#x17CB;&#x1792;&#x17C6;</subfield>
  </datafield>
  <datafield tag="260" ind1=" " ind2=" ">
    <subfield code="a">Phnom Penh</subfield>
    <subfield code="b">RUA</subfield>
    <subfield code="c">2007</subfield>
  </datafield>
  <datafield tag="300" ind1=" " ind2=" ">
    <subfield code="a">58p.</subfield>
    <subfield code="b">ill.</subfield>
    <subfield code="c">29cm.</subfield>
  </datafield>
  <datafield tag="942" ind1=" " ind2=" ">
    <subfield code="2">ddc</subfield>
    <subfield code="c">AGR</subfield>
  </datafield>
  <datafield tag="999" ind1=" " ind2=" ">
    <subfield code="c">1066</subfield>
    <subfield code="d">1066</subfield>
  </datafield>
  <datafield tag="952" ind1=" " ind2=" ">
    <subfield code="0">0</subfield>
    <subfield code="1">0</subfield>
    <subfield code="2">ddc</subfield>
    <subfield code="4">0</subfield>
    <subfield code="6">AGR_NAN_2007_000000000000000_B034_OR_1</subfield>
    <subfield code="7">0</subfield>
    <subfield code="9">4371</subfield>
    <subfield code="a">LBB</subfield>
    <subfield code="b">LBB</subfield>
    <subfield code="d">2015-09-22</subfield>
    <subfield code="o">AGR NAN 2007 B034 Or.1</subfield>
    <subfield code="p">RUA008441</subfield>
    <subfield code="r">2015-09-22</subfield>
    <subfield code="w">2015-09-22</subfield>
    <subfield code="y">AGR</subfield>
  </datafield>
  <datafield tag="952" ind1=" " ind2=" ">
    <subfield code="0">0</subfield>
    <subfield code="1">0</subfield>
    <subfield code="2">ddc</subfield>
    <subfield code="4">0</subfield>
    <subfield code="6">AGR_NAN_2007_000000000000000_B034_OR_2</subfield>
    <subfield code="7">0</subfield>
    <subfield code="9">4383</subfield>
    <subfield code="a">LBB</subfield>
    <subfield code="b">LBB</subfield>
    <subfield code="d">2015-09-22</subfield>
    <subfield code="o">AGR NAN 2007 B034 Or.2</subfield>
    <subfield code="p">RUA008442</subfield>
    <subfield code="r">2015-09-22</subfield>
    <subfield code="w">2015-09-22</subfield>
    <subfield code="y">AGR</subfield>
  </datafield>
  <datafield tag="952" ind1=" " ind2=" ">
    <subfield code="0">0</subfield>
    <subfield code="1">0</subfield>
    <subfield code="2">ddc</subfield>
    <subfield code="4">0</subfield>
    <subfield code="6">AGR_NAN_2007_000000000000000_B034_OR_3</subfield>
    <subfield code="7">0</subfield>
    <subfield code="9">4596</subfield>
    <subfield code="a">LBB</subfield>
    <subfield code="b">LBB</subfield>
    <subfield code="d">2015-09-23</subfield>
    <subfield code="l">1</subfield>
    <subfield code="o">AGR NAN 2007 B034 Or.3</subfield>
    <subfield code="p">RUA002886</subfield>
    <subfield code="r">2025-12-16</subfield>
    <subfield code="s">2025-11-14</subfield>
    <subfield code="w">2015-09-23</subfield>
    <subfield code="y">AGR</subfield>
  </datafield>
  <datafield tag="952" ind1=" " ind2=" ">
    <subfield code="0">0</subfield>
    <subfield code="1">0</subfield>
    <subfield code="2">ddc</subfield>
    <subfield code="4">0</subfield>
    <subfield code="6">AGR_NAN_2007_000000000000000_B034_OR_4</subfield>
    <subfield code="7">0</subfield>
    <subfield code="9">4597</subfield>
    <subfield code="a">LBB</subfield>
    <subfield code="b">LBB</subfield>
    <subfield code="d">2015-09-23</subfield>
    <subfield code="l">2</subfield>
    <subfield code="o">AGR NAN 2007 B034 Or.4</subfield>
    <subfield code="p">RUA002672</subfield>
    <subfield code="r">2026-05-29</subfield>
    <subfield code="s">2026-05-08</subfield>
    <subfield code="w">2015-09-23</subfield>
    <subfield code="y">AGR</subfield>
  </datafield>
  <datafield tag="952" ind1=" " ind2=" ">
    <subfield code="0">0</subfield>
    <subfield code="1">0</subfield>
    <subfield code="2">ddc</subfield>
    <subfield code="4">0</subfield>
    <subfield code="6">AGR_NAN_2007_000000000000000_B034_OR_5</subfield>
    <subfield code="7">0</subfield>
    <subfield code="9">4598</subfield>
    <subfield code="a">LBB</subfield>
    <subfield code="b">LBB</subfield>
    <subfield code="d">2015-09-23</subfield>
    <subfield code="o">AGR NAN 2007 B034 Or.5</subfield>
    <subfield code="p">RUA002815</subfield>
    <subfield code="r">2015-09-23</subfield>
    <subfield code="w">2015-09-23</subfield>
    <subfield code="y">AGR</subfield>
  </datafield>
  <datafield tag="952" ind1=" " ind2=" ">
    <subfield code="0">0</subfield>
    <subfield code="1">0</subfield>
    <subfield code="2">ddc</subfield>
    <subfield code="4">0</subfield>
    <subfield code="6">AGR_NAN_2007_000000000000000_B1_210_OR_1</subfield>
    <subfield code="7">0</subfield>
    <subfield code="9">77588</subfield>
    <subfield code="a">LBB</subfield>
    <subfield code="b">LBB</subfield>
    <subfield code="c">B1.210</subfield>
    <subfield code="d">2019-01-21</subfield>
    <subfield code="l">4</subfield>
    <subfield code="o">AGR NAN 2007 B1.210 Or.1</subfield>
    <subfield code="p">A41058</subfield>
    <subfield code="r">2024-12-13</subfield>
    <subfield code="s">2024-12-06</subfield>
    <subfield code="w">2019-01-21</subfield>
    <subfield code="y">AGR</subfield>
  </datafield>
</record>
